Pénteken temetik Dr. Veszprémy Dezsőt
Elmentve itt :
| Dokumentumtípus: | Cikk |
|---|---|
| Megjelent: |
1924-05-21
|
| Sorozat: | Délmagyarország
5 No. 112 |
| Kulcsszavak: | Veszprémy Dezső, Temetés Szeged 1924, Nekrológ Szeged 1924, Szeged |
| Online Access: | http://dmarchiv.bibl.u-szeged.hu/37368 |
| LEADER | 00465nab a2200145 i 4500 | ||
|---|---|---|---|
| 001 | delm37368 | ||
| 005 | 20180927112932.0 | ||
| 008 | 180927s1924 hu o 0|| hun d | ||
| 040 | |a SZTE Délmagyarország Archívum |b hun | ||
| 041 | |a hun | ||
| 245 | 0 | 0 | |a Pénteken temetik Dr. Veszprémy Dezsőt |h [elektronikus dokumentum] |
| 260 | |c 1924-05-21 | ||
| 300 | |a 3 | ||
| 490 | 0 | |a Délmagyarország |v 5 No. 112 | |
| 695 | |a Veszprémy Dezső, Temetés Szeged 1924, Nekrológ Szeged 1924, Szeged | ||